[Event "Rubistein"]
[Site "SchemingMind.com"]
[Date "2012.04.15"]
[Round "-"]
[White "Derek"]
[Black "Francisco Aquino"]
[Result "1/2-1/2"]
[WhiteCountry "INT"]
[BlackCountry "BRA"]
[WhiteElo "1737"]
[WhiteRD "85"]
[BlackElo "1760"]
[BlackRD "72"]
[GameID "308253"]

1. d4 d5 2. c4 Nf6 3. Nf3 c6 4. Qc2 Bg4 5. Nc3 Bxf3 6. exf3 e6 7. Be3 Be7 8. Bd3 Nbd7 9. c5 e5 10. Ne2 O-O
11. O-O exd4 12. Bxd4 Re8 13. Rfe1 b6 14. cxb6 axb6 15. Qxc6 Rc8 16. Qb5 Bc5 17. Bxf6 Nxf6 18. Rac1 Qd6 19. Bf5 Ra8 20. a3 Re5
21. b4 Bxf2+ 22. Kxf2 Rxf5 23. Kg1 Re5 24. Rc6 Qb8 25. f4 Re6 26. Rxe6=
1/2-1/2

[Event "Rubistein"]
[Site "SchemingMind.com"]
[Date "2012.04.14"]
[Round "-"]
[White "Derek"]
[Black "emvarela"]
[Result "0-1"]
[WhiteCountry "INT"]
[BlackCountry "ARG"]
[WhiteElo "1737"]
[WhiteRD "85"]
[BlackElo "1778"]
[BlackRD "48"]
[GameID "308254"]

1. c4 c5 2. Nf3 g6 3. Nc3 Bg7 4. Qb3 Nf6 5. d4 cxd4 6. Nxd4 Nc6 7. e3 Nxd4 8. exd4 O-O 9. Be2 b6 10. Bf3 Rb8
11. Bf4 d6 12. c5 Be6 13. Qa3 Ne8 14. O-O Bxd4 15. cxd6 exd6 16. Nb5 Bc5 17. Qxa7 Bc4 18. Nxd6 Bxf1 19. Nxe8 Rxe8 20. Rd1 Qf6
21. Bxb8 Be2
0-1

[Event "Rubistein"]
[Site "SchemingMind.com"]
[Date "2012.04.15"]
[Round "-"]
[White "capablanca"]
[Black "Derek"]
[Result "0-1"]
[WhiteCountry "GER"]
[BlackCountry "INT"]
[WhiteElo "1659"]
[WhiteRD "62"]
[BlackElo "1729"]
[BlackRD "96"]
[GameID "308257"]

1. e4 c6 2. d4 d5 3. Nc3 dxe4 4. Nxe4 Nf6 5. Nxf6+ exf6 6. c3 Bd6 7. Bd3 O-O 8. Qc2 g6 9. h4 f5 10. h5 Re8+
11. Ne2 Be6 12. hxg6 fxg6 13. Bh6 Nd7 14. O-O-O Qf6 15. Nf4 Bxf4+ 16. Bxf4 Rac8 17. Kb1 c5 18. dxc5 Nxc5 19. Bb5 Red8 20. Be3 Rxd1+
21. Rxd1 f4 22. Bd4 Qg5 23. Ka1 Qxg2 24. Re1 a6 25. Bf1 Qd5 26. Re5 Qxa2#
0-1

[Event "Rubistein"]
[Site "SchemingMind.com"]
[Date "2012.04.15"]
[Round "-"]
[White "agarr"]
[Black "Derek"]
[Result "1-0"]
[WhiteCountry "RUS"]
[BlackCountry "INT"]
[WhiteElo "1845"]
[WhiteRD "67"]
[BlackElo "1729"]
[BlackRD "96"]
[GameID "308258"]

1. e4 d5 2. exd5 Nf6 3. c4 c6 4. dxc6 Nxc6 5. g3 Bf5 6. Bg2 Nd4 7. d3 Qc7 8. Nf3 Nxf3+ 9. Bxf3 Qe5+ 10. Kf1 Rd8
11. Bxb7 Bxd3+ 12. Kg1 Be4 13. Qa4+ Rd7 14. Bxe4 Qxe4 15. Nc3 Qf3 16. Be3 Ng4 17. Rd1 Qb7 18. Rxd7 Qxd7 19. Qxd7+ Kxd7 20. Bxa7 e6
21. Kg2 Bb4 22. h3 Bxc3 23. Rd1+ Ke7 24. Bc5+ Kf6 25. bxc3 Ne5 26. Bd4
1-0

[Event "Rubistein"]
[Site "SchemingMind.com"]
[Date "2012.04.15"]
[Round "-"]
[White "keen"]
[Black "Derek"]
[Result "0-1"]
[WhiteCountry "SCO"]
[BlackCountry "INT"]
[WhiteElo "1697"]
[WhiteRD "59"]
[BlackElo "1729"]
[BlackRD "96"]
[GameID "308259"]

1. e4 c6 2. d4 d5 3. Nc3 dxe4 4. Nxe4 Nf6 5. Ng3 h5 6. Bg5 h4 7. N3e2 e5 8. Nf3 e4 9. Nxh4 Qa5+ 10. Bd2 Qb6
11. Nf5 Bxf5
0-1

[Event "Rubistein"]
[Site "SchemingMind.com"]
[Date "2012.04.16"]
[Round "-"]
[White "fouche"]
[Black "Derek"]
[Result "1/2-1/2"]
[WhiteCountry "COL"]
[BlackCountry "INT"]
[WhiteElo "1567"]
[WhiteRD "79"]
[BlackElo "1737"]
[BlackRD "85"]
[GameID "308260"]

1. e4 c5 2. Nf3 Nc6 3. d4 cxd4 4. Nxd4 e6 5. Bc4 Nf6 6. e5 Qa5+ 7. Nc3 Qxe5+ 8. Nce2 Nxd4 9. O-O Nxe2+ 10. Qxe2 Qxe2
11. Bxe2 Bc5 12. Re1 Ne4 13. Be3 Bxe3 14. fxe3 b6 15. Bf3 f5 16. Rad1 e5 17. Rd5 Kf7 18. Rxe5 d6 19. Bxe4 dxe5 20. Bxa8 Be6
21. Bb7 Rd8 22. Re2 Bc4 23. Re1 Rd2 24. b3 Re2 25. Rxe2 Bxe2 26. Kf2 Bb5 27. c4 Bd7 28. h3 e4= 29. Ke2 Ke6 30. Kd2 Kd6
31. Kc3 a5 32. Kd4 Be6 33. a3 h5 34. h4 Bd7 35. g3 Ke6 36. b4 axb4 37. axb4 Kd6 38. b5 Be6 39. Bc6 Bf7 40. Bb7 Be6
41. Ba6 Bd7 42. Bb7 Be6
1/2-1/2

[Event "Rubistein"]
[Site "SchemingMind.com"]
[Date "2012.04.16"]
[Round "-"]
[White "smothered mate"]
[Black "Derek"]
[Result "1-0"]
[WhiteCountry "POL"]
[BlackCountry "INT"]
[WhiteElo "1967"]
[WhiteRD "65"]
[BlackElo "1729"]
[BlackRD "96"]
[GameID "308261"]

1. e4 c6 2. d4 d5 3. exd5 cxd5 4. c4 Nf6 5. Nc3 dxc4 6. Bxc4 e6 7. Nf3 Qc7 8. Qe2 a6 9. a4 Be7 10. O-O Nc6
11. Bg5 Na5 12. Ba2 Nc6 13. Rac1 Qd6 14. Rfd1 Nd5 15. Nxd5 exd5 16. Bxd5 O-O 17. Bxc6 Bxg5 18. Nxg5 bxc6 19. Qc2 Qg6 20. Qxg6
1-0

[Event "Rubistein"]
[Site "SchemingMind.com"]
[Date "2012.04.16"]
[Round "-"]
[White "Francisco Aquino"]
[Black "Derek"]
[Result "1/2-1/2"]
[WhiteCountry "BRA"]
[BlackCountry "INT"]
[WhiteElo "1745"]
[WhiteRD "68"]
[BlackElo "1729"]
[BlackRD "96"]
[GameID "308262"]

1. e4 c6 2. d4 d5 3. Nc3 dxe4 4. Nxe4 Nf6 5. Nxf6+ exf6 6. Nf3 Bd6 7. Bc4 Be6 8. d5 cxd5 9. Bb5+ Nc6 10. O-O O-O
11. Re1 Re8 12. Nd4 Qd7 13. h3 Bxh3 14. gxh3 Rxe1+ 15. Qxe1 Qxh3 16. Nxc6 Bh2+ 17. Kh1 Bg3+=
1/2-1/2

[Event "Rubistein"]
[Site "SchemingMind.com"]
[Date "2012.04.15"]
[Round "-"]
[White "emvarela"]
[Black "Derek"]
[Result "0-1"]
[WhiteCountry "ARG"]
[BlackCountry "INT"]
[WhiteElo "1778"]
[WhiteRD "48"]
[BlackElo "1737"]
[BlackRD "85"]
[GameID "308263"]

1. e4 c5 2. Nf3 d6 3. d4 Nf6 4. Nc3 Qa5 5. dxc5 Nxe4 6. cxd6 Nxd6 7. Bd2 Bd7 8. Nb5 Qb6 9. Nxd6+ Qxd6 10. Bd3 Nc6
11. O-O g6 12. Bc3 Rg8 13. Qe2 O-O-O 14. Rad1 Qe6 15. Qxe6 Bxe6 16. b3 Bg7 17. Bxg7 Rxg7 18. Be4 Rxd1 19. Rxd1 Bd7 20. Bxc6 Bxc6
21. Ne5 Kc7 22. Nxc6 Kxc6 23. c4 g5 24. g4 Rg6 25. f3 Rd6 26. Rxd6+ Kxd6 27. Kf2 Kc5 28. Ke3 Kb4 29. Kd4 Ka3 30. b4 Kxb4
31. c5 a5
0-1